| 000 | 00970nam a2200253Ia 4500 | ||
|---|---|---|---|
| 003 | OSt | ||
| 005 | 20220923212120.0 | ||
| 006 | a|||||r|||| 00| 0 | ||
| 007 | ta | ||
| 008 | 220922b |||||||| |||| 00| 0 hin d | ||
| 024 | _a150,803 | ||
| 037 | _cTextual | ||
| 040 |
_aARTS _cARTS _bhin |
||
| 041 |
_2hin _ahin |
||
| 082 | _aLA:638614, 152J5 | ||
| 100 | _aबेदी, रामेश | ||
| 245 | 0 |
_aतुलसी _b तुलसी गुण के पोदो का वैज्ञानिक विवेचन और उनसे लाभ उठाने के उपाय |
|
| 246 | _aTulasī: tulasī guṇ ke podo kā vaijnyānik vivechan aur unase lābh uṭhāne ke upāya | ||
| 250 | _aसंस्क0 3 | ||
| 260 | _c1955 | ||
| 490 | _aभारतीय द्रव्यगुण ग्रन्थमाला; 4 | ||
| 942 |
_hLA:638614, 152J5 _cTEXL _2CC |
||
| 999 |
_c306483 _d306483 |
||